Sexualidad humana: verdad y significado: orientaciones educativas en familia

Na minha lista:
Detalhes bibliográficos
Autor Corporativo: Pontificio Consejo para la Familia (Author)
Formato: Livro
Idioma:espanhol
Publicado em: Santiago San Pablo 1996
Edição:1a. ed
Assuntos:
Tags: Adicionar Tag
Sem tags, seja o primeiro a adicionar uma tag!

MARC

LEADER 00000nam a2200000 a 4500
001 UCU4834
003 CL-VaPUC
008 960524e19960000CL |||||||||||||||||spa|d
082 0 4 |a 176  |b PON  |2 21 
110 2 |a Pontificio Consejo para la Familia  |e author  |9 362512 
245 1 0 |a Sexualidad humana: verdad y significado: orientaciones educativas en familia 
250 |a 1a. ed 
300 |a 64 p 
942 |c BK 
945 |d 19960524 00:00:00  |a aalvarez 
260 |a Santiago  |b San Pablo  |c 1996 
600 0 |a Iglesia católica  |9 255129 
650 7 |a ETICA SEXUAL  |2 CL-VaPUC  |9 362513 
650 7 |a MATRIMONIO  |2 CL-VaPUC  |9 362514 
650 0 |a Familias   |9 255641 
583 |a last modification  |c 19960524 00:00:00  |k Rodrigo Vera 
999 |c 248370  |d 248368 
952 |0 0  |1 2  |4 0  |6 176_000000000000000_PON_1996  |7 0  |8 A  |9 264957  |a BIBTEO  |b BIBTEO  |d 2019-11-19  |i 3201880  |o 176 PON 1996  |p 3201880  |r 2019-11-19  |w 2019-11-19  |x Descarte 2019  |y BK  |k ICR 
952 |0 0  |1 2  |4 0  |6 176_000000000000000_PON_1996  |7 0  |8 A  |9 264958  |a BIBTEO  |b BIBTEO  |d 2019-11-19  |i 3201872  |o 176 PON 1996  |p 3201872  |r 2019-11-19  |w 2019-11-19  |x Descarte 2019  |y BK  |k ICR 
952 |0 0  |1 0  |4 0  |6 176_000000000000000_PON_1996  |7 0  |8 P  |9 264959  |a BIBEDU  |b BIBEDU  |c BIBEDU_PB  |d 2019-11-19  |i 3212440  |o 176 PON 1996  |p 3212440  |r 2024-01-25  |w 2019-11-19  |y BK  |k EDU 
952 |0 0  |1 0  |4 0  |6 176_000000000000000_PON_1996  |7 0  |8 A  |9 264960  |a BIBTEO  |b BIBTEO  |d 2019-11-19  |i 3334031  |o 176 PON 1996  |p 3334031  |r 2025-01-17  |w 2019-11-19  |y BK  |k ICR 
952 |0 0  |1 0  |4 0  |6 176_000000000000000_PON_1996  |7 0  |8 A  |9 264961  |a BIBTEO  |b BIBTEO  |d 2019-11-19  |i 333404K  |o 176 PON 1996  |p 333404K  |r 2025-01-17  |w 2019-11-19  |y BK  |k ICR 
952 |0 0  |1 0  |4 0  |6 176_000000000000000_PON_1996  |7 0  |8 A  |9 264962  |a BIBTEO  |b BIBTEO  |d 2019-11-19  |i 3791998  |o 176 PON 1996  |p 3791998  |r 2025-01-17  |w 2019-11-19  |y BK  |k ICR 
952 |0 0  |1 2  |4 0  |6 176_000000000000000_PON_1996  |7 0  |8 A  |9 264963  |a BIBTEO  |b BIBTEO  |d 2019-11-19  |i 4246233  |o 176 PON 1996  |p 4246233  |r 2019-11-19  |w 2019-11-19  |x Descarte 2019  |y BK  |k ICR 
952 |0 0  |1 0  |4 0  |6 176_000000000000000_PON_1996  |7 0  |8 X  |9 264964  |a FDOBUD  |b FDOBUD  |d 2019-11-19  |i 459794K  |o 176 PON 1996  |p 459794K  |r 2019-11-19  |w 2019-11-19  |y BK_X  |k BUD